LIBRARY ONLINE CATALOGUE

Effect of generation Y motivators on generation-Y organizational commitment (Record no. 18784)

MARC details
000 -LEADER
fixed length control field 00473nam a22001217a 4500
008 - FIXED-LENGTH DATA ELEMENTS--GENERAL INFORMATION
fixed length control field 210211b xxu||||| |||| 00| 0 eng d
050 ## - LIBRARY OF CONGRESS CALL NUMBER
Classification number GMB0105
Item number .K56 2015 c.1
100 ## - MAIN ENTRY--PERSONAL NAME
Personal name King'ori, Mary Wanjugu
245 ## - TITLE STATEMENT
Title Effect of generation Y motivators on generation-Y organizational commitment
Remainder of title a case study of Nakuru county government headquarters
Statement of responsibility, etc. Mary Wanjugu King'ori
260 ## - PUBLICATION, DISTRIBUTION, ETC. (IMPRINT)
Place of publication, distribution, etc. Kabarak, Nakuru, Kenya
Name of publisher, distributor, etc. Kabarak University
Date of publication, distribution, etc. 2015
300 ## - PHYSICAL DESCRIPTION
Extent 76 leaves
942 ## - ADDED ENTRY ELEMENTS (KOHA)
Source of classification or shelving scheme Library of Congress Classification
Koha item type Thesis, Dissertation and Projecs
Holdings
Withdrawn status Lost status Source of classification or shelving scheme Not for loan Home library Current library Date acquired Total Checkouts Full call number Barcode Date last seen Price effective from Koha item type
    Library of Congress Classification   Kabarak, Main Campus Kabarak, Main Campus 11/02/2021   GMB0105 .K56 2015 c.1 026316 11/02/2021 11/02/2021 Thesis, Dissertation and Projecs
    Library of Congress Classification   Kabarak, Main Campus Kabarak, Main Campus 11/02/2021   GMB0105 .K56 2015 c.2 026385 11/02/2021 11/02/2021 Thesis, Dissertation and Projecs